|
|
|
|
| LEADER |
00000nam a22000007a 4500 |
| 005 |
20130215095709.0 |
| 007 |
cr|||| |||| |
| 008 |
130215e2006 it |||||s|||| 00| 0 ita d |
| 020 |
|
|
|a 8884224942
|
| 035 |
|
|
|a 6802
|
| 040 |
|
|
|a vLex
|
| 090 |
|
|
|c 3646
|d 3646
|
| 100 |
1 |
0 |
|a Cannari, Luigi
|
| 245 |
1 |
3 |
|a Il Sistema Finanziario e il Mezzogiorno
|b Squilibri strutturali e divari finanziari
|h [Recurso electrn̤ico]
|
| 256 |
|
|
|a Servicio en ln̕ea
|
| 260 |
|
|
|a Bari :
|b Cacucci Editore,
|c 2006
|
| 300 |
|
|
|a 1 Recurso en ln̕ea
|
| 650 |
0 |
4 |
|a Derecho comunitario
|z Italia
|
| 650 |
0 |
4 |
|a Derecho fiscal
|z Italia
|
| 650 |
0 |
4 |
|a Polt̕ica regional
|z Italia
|
| 700 |
1 |
0 |
|a Panetta, Fabio
|
| 740 |
|
|
|a vLex Libros (Servicio en ln̕ea)
|
| 856 |
|
|
|u http://www.vlex.com/source/6802
|
| 942 |
|
|
|c BOOK
|
| 999 |
|
0 |
|a European Union
|